000 00857cab a2200229 4500
001 WB2802-02
008 090401t1992 xxu||||| |||| 00| 0 eng d
035 _a(Sirsi) u734
041 _aeng
245 _aFee guide for consultants
260 _c1992
350 _a0
490 _aNew Civil Engineer
_v2/9 January 1992, 5(1)
520 _aRecognising the demise of fixed fee scales, the Construction Industry Council has convened a working party to devise a fee competition policy for consultants, which will include in its scope: fee tendering, covering procedures, briefing data, tender formats and tender evaluation.
650 _aCONSTRUCTION INDUSTRY COUNCIL
650 _aFEE COMPETITION
650 _aFEE TENDERING
650 _aPROFESSIONAL FEES
690 _aBUILT ENVIRONMENT-BUILDING CONTRACT FORMS
942 _n0
948 _c04/03/1997
999 _c386
_d386